County Seats of Wyoming (Map Quiz) Stats

 Plays Quiz not verified by Sporcle

Challenge
Share
Tweet
Score 0/23 Timer 10:00
0 Plays Today
% Correct
Cheyenne
99%
Casper
99%
Sheridan
97.6%
Cody
97.1%
Jackson
97.1%
Laramie
96.7%
Gillette
94.7%
Evanston
94.7%
Green River
92.8%
Rawlins
92.3%
Thermopolis
91.4%
Kemmerer
90.9%
% Correct
Lander
89.5%
Sundance
88%
Buffalo
87.1%
Wheatland
85.6%
Pinedale
85.2%
Worland
84.2%
Lusk
83.7%
Douglas
83.3%
Torrington
83.3%
Newcastle
82.8%
Basin
82.3%

You're not logged in!

Compare scores with friends on all Sporcle quizzes.
Join for Free
OR
Log In

You Might Also Like...

Show Comments

Extras

Top Quizzes Today


Score Distribution

Your Account Isn't Verified!

In order to create a playlist on Sporcle, you need to verify the email address you used during registration. Go to your Sporcle Settings to finish the process.

Report this User

Report this user for behavior that violates our Community Guidelines.

Details: